000 00454nam a22001817a 4500
003 MPLRDC
005 20220104114740.0
008 210129b ||||| |||| 00| 0 eng d
020 _a7-5014-0865-3
082 _a861.57 SCZB
100 _a世尺左保
245 _a血海迷舟
_c吴晓玲、刘满贵译
250 _a一版一刷
260 _a
_b群众出版社
_c1992
300 _b
650 _a日本现代小说
942 _cBK
_o861.57 SCZB
999 _c9916
_d9906